00743 2200193 4500001002100000005001500021035002000036008004100056245004200097100002200139250000600161260002900167300001200196084001400208082000800222650001000230520029700240990001200537INLIS00000000000126920240522085033 a0010-0524000504240522 1 ind 1 aBukan Cinta Biasa /cTasirun Sulaiman aSulaiman, Tasirun a1 aJakarta :bKompas,c2011 a308 hlm a813 TAS b a813 4aFiksi aDESCRIPTION Dialah sumber cinta dari segala yang ada di muka bumi. Semua tercipta dan ada di dunia karena hasrat cinta-Nya. Cinta-Nya adalah sumber kekuatan hidup dan kehidupan. Segala keindahan, pesona, dan keagungan yang hadir di hadapan kita dan menggetarkan jiwa kita adalah Cinta- Nya. a0744141